• 首页
  • 本馆介绍
  • 公告通知
  • 最新文献
  • 馆藏检索
  • 电子资源
  • 读者导购
  • 参考咨询
  • 我的图书馆
  • 登录
  • 详细信息显示
  • 放入我的书架
  • 预约/预借图书
  • 作者相关作品
  • 分类相关作品
  • 丛书相关作品
  • 出版社相关作品

书目信息

  • 表格格式
  • 工作单格式
  • 卡片格式
题名:
走向“最后关头”
    
 
作者: 小科布尔 著 ;马俊亚 译
分册:  
出版信息: 北京   社会科学文献出版社  2004
页数: 454页
开本: 21cm
丛书名: 海外中国近代史研究文库
单 册:
中图分类: D693.74
科图分类:
主题词: 日本--影响--中国国民党--执政--研究--1931~1937
电子资源:
ISBN: 7-80190-224-6
000 01716nam0 2200385 450
000 01679nam0 2200373 450
000 01677nam0 2200385 450
000 01623nam0 2200361 450
000 01630nam0 2200349 450
000 01593nam0 2200337 45
001 TS2006011137
005 20061208090122.82
010    @a7-80190-224-6@dCNY30.00
100    @a20060829d2004 emky0chiy0110 ea
101 1  @achi@ceng
102    @aCN@b110000
105    @ab z 000yy
200 1  @a走向“最后关头”@AZou Xiang“ Zui Hou Guan Tou”@e中国民族国家构建中的日本因素@EZhong Guo Min Zu Guo Jia Gou Jian Zhong De Ri Ben Yin Su@e1931~1937@f(美)柯博文(Parks M.Coble)著@F( Mei ) Ke Bo Wen (Parks M.Coble) Zhu@g马俊亚译
210    @a北京@c社会科学文献出版社@d2004
215    @a454页@c地图@d21cm
225 2  @a海外中国近代史研究文库
305    @a据哈佛大学亚洲中心出版社1991年版译出
330    @a本书按照年代排列,记述了1931年至卢沟桥事变之间日本入侵中国的事件和冲突,内容有:满州、上海和不抵抗;1934年南京的妥协政策和群众的抵抗浪潮等,讨论了日本问题对中国国内政治的影响。
410  0 @12001 @a海外中国近代史研究文库
510 1  @aFacing Japan: Chinese Politics and Japanese Imperialism@e1931~1937@zeng
517 1  @a中国民族国家构建中的日本因素@AZhong Guo Min Zu Guo Jia Gou Jian Zhong De Ri Ben Yin Su
601 02 @a中国国民党
606 0  @a日本@x影响@x中国国民党@x执政@x研究@z1931~1937
690    @aD693.74@v4
701  0 @c(美)@a小科布尔@AXiao Ke Bu Er@c(Coble, Parks M. Jr.)@4著
702  0 @a马俊亚@AMa Jun Ya@f(1966~)@4译
801  0 @aCN@b中图数据@c20061208
905    @a10447@dD693.74@e116
    
    走向“最后关头”:中国民族国家构建中的日本因素:1931~1937/(美)柯博文(Parks M.Coble)著/马俊亚译.-北京:社会科学文献出版社,2004
    454页:地图;21cm.-(海外中国近代史研究文库)
    
    
    ISBN 7-80190-224-6:CNY30.00
    本书按照年代排列,记述了1931年至卢沟桥事变之间日本入侵中国的事件和冲突,内容有:满州、上海和不抵抗;1934年南京的妥协政策和群众的抵抗浪潮等,讨论了日本问题对中国国内政治的影响。
●
相关链接 在E读中查询图书 在五车中查询图书 在当当中查询图书 在豆瓣中查询图书


正题名:走向"最后关头"     索取号:D693.74/116         预约/预借

序号 登录号 条形码 馆藏地/架位号 状态 备注
1 0607873   206078732   第一样本阅览室/ [索取号:D693.74/116] 在馆    
2 0607874   206078741   第一借阅区/ [索取号:D693.74/116] 在馆    
3 0607875   206078750   第一借阅区/ [索取号:D693.74/116] 在馆    
4 0607876   206078769   第一借阅区/ [索取号:D693.74/116] 在馆    
唐山师范学院图书馆 欢迎您!
大连网信软件有限公司© 版权所有